UBT Library

Environmental Science (Record no. 56434)

000 -LEADER
fixed length control field 00321nam a22001457a 4500
008 - FIXED-LENGTH DATA ELEMENTS--GENERAL INFORMATION
fixed length control field 210311b ||||| |||| 00| 0 eng d
020 ## - INTERNATIONAL STANDARD BOOK NUMBER
International Standard Book Number 9780534178086
041 ## - LANGUAGE CODE
Language code of text/sound track or separate title eng
080 ## - UNIVERSAL DECIMAL CLASSIFICATION NUMBER
Edition identifier 4th
Universal Decimal Classification number 574
082 ## - DEWEY DECIMAL CLASSIFICATION NUMBER
Edition number 7th
Classification number 574
100 ## - Rafti
Rafti 9
101 ## - Shkurtesa
Shkurtesa MJE
245 ## - TITLE STATEMENT
Title Environmental Science
Statement of responsibility, etc Miller,T.G
942 ## - ADDED ENTRY ELEMENTS (KOHA)
Source of classification or shelving scheme
Item type Books
Holdings
Withdrawn status Lost status Source of classification or shelving scheme Damaged status Not for loan Collection code Permanent location Current location Shelving location Date acquired Total Checkouts Full call number Barcode Date last seen Price effective from Koha item type
          Koleksioni i përgjithshem UBT - Lipjan UBT - Lipjan Koleksioni i përgjithshem 03/11/2021   574 MIL 002-7002113 03/11/2021 03/11/2021 Books
          Koleksioni i përgjithshem UBT - Lipjan UBT - Lipjan Koleksioni i përgjithshem 04/26/2021   574 MIL 002-7001720 04/26/2021 04/26/2021 Books
UBT Library © 2015-2024. All rights reserved University Education for Business and Technology